000 01073nam a22002417a 4500
999 _c26708
_d26708
005 20190408122953.0
008 090523t xxu||||| |||| 00| 0 hin d
010 _aHIN-92089
020 _a8173153809
_c200.00
035 _aHN-58929, B-066092
037 _bDBAD / PUB
040 _adpl
_bhn
082 _a181.45
100 _aपरमानंद
_924198
245 _aश्रीमद्भागवद्गीता :
_bमेरा अंतिम आश्रय /
_cपरमानंद
246 _aMeraa antima aashraya: Srimadbhagwadgita
_bby Parmanand
260 _aनई दिल्ली
_bप्रभात प्रकाशन
_c2009
270 _a4य19, आसफ अली रोड़
_bनई दिल्ली
_e110002
300 _a198पृ.
_c22सेमी (सजिल्द)
650 _aBhagavadgītā
_xCriticism, interpretation, etc.
_924199
650 _aभगवद्गीता
_xव्याख्या, समालोचना, आदि
_924200
942 _2ddc
_cHN
_mपरमा
_h181.45